Ekonomika Slovenska ako novej krajiny eurozóny v období hospodárskej krízy

V septembri roku 2008 sa začala prejavovať svetová hospodárska kríza poklesom ekonomickej aktivity v Európskej únii aj v slovenskom hospodárstve. Predkladaný príspevok sa venuje zmenám v ekonomickom vývoji Slovenskej republiky z pohľadu spotreby ako súčasti hrubého domáceho produktu.

Salvato in:
Dettagli Bibliografici
Autore principale: Poláčková, Hana, 1968-
Natura: Capitolo di libro
Lingua:slovacco
Soggetti:
Tags: Aggiungi Tag
Nessun Tag, puoi essere il primo ad aggiungerne!!

MARC

LEADER 00000nla$a2200000$$$4500
001 0108329
005 20240502072208.7
041 0 |a slo 
044 |a SK 
245 1 0 |a Ekonomika Slovenska ako novej krajiny eurozóny v období hospodárskej krízy  |c Hana Poláčková 
520 |a V septembri roku 2008 sa začala prejavovať svetová hospodárska kríza poklesom ekonomickej aktivity v Európskej únii aj v slovenskom hospodárstve. Predkladaný príspevok sa venuje zmenám v ekonomickom vývoji Slovenskej republiky z pohľadu spotreby ako súčasti hrubého domáceho produktu. 
610 2 0 |a kríza hospodárska 
610 2 0 |a Slovensko 
610 2 0 |a spotreba 
610 2 0 |a inflácia 
610 2 0 |a produkt domáci hrubý 
610 2 0 |a nezamestnanosť 
610 2 0 |a rozpočet štátny 
100 1 |a Poláčková, Hana, 1968-